000 01810nam1a2200265 i 4500
001 RU\NLR\BIBL_A\011131528
005 20260531112020.0
035 _a(NLR Aleph) 011131528
090 _a11570385
_c11570385
100 _a20160510g20169999um y0rusy50 ca
101 0 _arus
102 _aRU
105 _a||||j||||||||
200 1 _aТеоретические основы гаражных автосервисов
_eучебник для бакалавров и магистров, обучающихся по направлениям 23.03.03 "Эксплуатация транспортно-технологических машин и комплексов", 40.03.01 "Юриспруденция"
_e[учебник для вузов]
_fП.В. Шарупич
_gО-во с огранич. ответственностью "Патент", Междунар. науч.-исслед. и проект. ин-т гараж. автосервисов "МНИПИГАС", Науч.-исслед. и проект. ин-т по созданию гор. и пром. объектов выращивания, хранения и перераб. плодоовощ. продукции "Градоагроэкопром"
205 _aИзд. 2-е
210 _aОрел
_cПатент
_cГрад-РИЦ
_d2016
215 _d23
225 1 _aМеждународное автосервисное образование
606 _aСтанции технического обслуживания автомобилей
_jУчебники для высших учебных заведений
_91043937
_3RU\NLR\AUTH\6684424
686 1 _aО33-082.05-4я73-1
700 1 _aШарупич
_bП. В.
_gПавел Вадимович
852 _aNLR
_j2016-5/3503
942 _cBOOK